01396naa a22003257a 4500001001000000003000900010005001700019007000300036008003400039040005400073041000900127072002000136090001800156100001300174100002200187111011700209245009800326260004100424500014600465650002000611650001600631650001600647650002800663650001900691773014300710909003600853942001400889999001900903952014800922BR7703488BR-BrBNA20240918174015.0ta230509b bl.||||| |||| 00| 0 por d aBR-BrBNAbporcBiblioteca Nacional de Agricultura a(Pt) aS00; S30b/G514 aS00 BR77034881 aNort, E.1 aDetoni Junior, C.1 aReuniao Regional Sul da Sociedade Brasileira para o Progresso da CienciacFlorianopolis, SC (Brazil)d9 May 19771 aIncentivo a alimentacao do trabalhador [Nutricao humana; Baixa renda; Santa Catarina; Brasil]3 aFlorianopolis, SC (Brasil): c1977.  aReuniao Regional Sul da Sociedade Brasileira para o Progresso da Ciencia. Resumos Florianopolis, SC (Brasil): 1977. p. 111 (BR7703488-AM)S00  aNutricao humana aAlimentacao aBaixa renda aDeficiencia nutricional aSanta Catarina0 tReuniao Regional Sul da Sociedade Brasileira para o Progresso da Ciencia. ResumoswS00 BR7703488gFlorianopolis, SC (Brasil), 1977. p. 111 a202404bLuciac55dLucia Elande cAM2AGRIS c308286d308286 002AGRIS40708Acervo Gerala41918b41918cAgrobasel0oQ10 BR7703474r2024-05-20t01yAM10d2024-04-11ePortaria Interministerial nÂș 164/94